West Indies, the Bahamas, Berry Islands.

Bibliographic Details
Corporate Author: United States. Defense Mapping Agency. Hydrographic/Topographic Center
Format: Government Document Map
Language:English
Published: Bethesda, MD : The Center ; [1994]
Edition:2nd ed., Nov. 26, 1994 (Correct through NM 48/94).
Subjects:

MARC

Tag First Indicator Second Indicator Subfields
LEADER 00000cem a2200000 a 4500
001 in00001246513
005 20151003073943.0
007 aj canzn
008 950614s1994 mduagekbd a f 0 eng d
010 |a gp 95076338  
034 1 |a a  |b 50000  |d W0780124  |e W0773900  |f N0255200  |g N0252220 
035 |a (OCoLC)32648945 
035 |9 AGT9594AM 
037 |a 26 XCO 26328  |b DMA 
040 |a GPO  |c GPO  |d DLC  |d UtOrBLW 
052 |a 4982  |b B4 
052 |a 9112  |b F45 
074 |a 0378-E-22 
086 0 |a D 5.356:26328/994 
110 1 |a United States.  |b Defense Mapping Agency.  |b Hydrographic/Topographic Center. 
245 1 0 |a West Indies, the Bahamas, Berry Islands. 
246 3 0 |a Berry Islands 
250 |a 2nd ed., Nov. 26, 1994 (Correct through NM 48/94). 
255 |a Scale 1:50,000 ;  |b Mercator proj.  |c (W 78⁰01ʹ24ʺ--W 77⁰39ʹ00ʺ/N 25⁰52ʹ00ʺ--N 25⁰22ʹ20ʺ). 
264 1 |a Bethesda, MD :  |b The Center ;  |c [1994] 
264 2 |a [Riverdale, Md.] :  |b [NOAA Distribution Branch, N/CG33, National Ocean Service, distributor], 
300 |a 1 map :  |b color ;  |c 110 x 75 cm. 
336 |a cartographic image  |b cri  |2 rdacontent 
337 |a unmediated  |b n  |2 rdamedia 
338 |a sheet  |b nb  |2 rdacarrier 
500 |a Depths shown by isolines and soundings. 
500 |a Relief shown by contours and spot heights. 
500 |a "From U.S. charts and surveys to 1980." 
500 |a "Copyright 1994 by the United States Government. No copyright claimed under Title 17 U.S.C." 
500 |a "Soundings in meters." 
500 |a Inset: B. Continuation of main map at same scale. 
500 |a Includes compilation diagram. 
500 |a Cartographic material. 
651 0 |a Berry Islands (Bahamas)  |x Maps. 
651 0 |a Florida, Straits of  |x Navigation. 
999 |a MARS 
999 f f |s cb1aef0e-0b7f-38e7-a400-e786bc3f91b9  |i 94d9781d-5ae7-3b4a-b71a-1ee10ebd8f6c  |t 0 
952 f f |p normal  |a Texas A&M University  |b College Station  |c Sterling C. Evans Library  |d Evans: Maps (2nd floor)  |t 0  |e D 5.356:26328/994  |h Superintendent of Documents classification  |i unmediated -- sheet  |m A14818067584 
998 f f |a D 5.356:26328/994  |t 0  |l Evans: Maps (2nd floor)